| 000 | 01036cam a22003377a 4500 | ||
|---|---|---|---|
| 001 | 16117829 | ||
| 003 | OSt | ||
| 005 | 20140310183048.0 | ||
| 008 | 100304s2009 ph a b 001 0 eng | ||
| 010 | _a 2010338248 | ||
| 020 | _a9789719429258 | ||
| 040 |
_aDLC _cDLC _dDLC |
||
| 042 | _alcode | ||
| 043 | _aa-ph--- | ||
| 050 | 0 | 0 |
_aQK 368 _b.Al475 2009 |
| 082 |
_aFIL 581.9599 _bA475 2009 |
||
| 100 | 1 | _aAlvina, Corazon S. | |
| 245 | 1 | 0 |
_aFlora Filipina : _bfrom Acapulco to Manila / _cAlvina, Corazon |
| 250 | _a1st ed. | ||
| 260 |
_a[Manila] : _bArtPostAsia : _bNational Museum of the Philippines, _cc2009. |
||
| 300 |
_a102 p. : _bcol. ill. ; _c23 cm. |
||
| 504 | _aIncludes bibliographical references and index. | ||
| 521 | _aCollege Student | ||
| 526 | _c1210L to 1700L | ||
| 541 | _j1 | ||
| 562 | _efor circulation. 1 copy available in the collection | ||
| 700 | 1 | _aMadulid, Domingo A. | |
| 906 |
_a7 _bcbc _corigode _d4 _encip _f20 _gy-gencatlg |
||
| 942 |
_2lcc _cBK _kFIL |
||
| 999 |
_c18609 _d18609 |
||